Instituto Cultral Brasil - Alemanha (Record no. 61656)

MARC details
000 -LÍDER
campo de controle de tamanho fixo 00393 a2200157 4500
001 - NÚMERO DE CONTROLE
campo de controle 61656
020 ## - ISBN - INTERNATIONAL STANDARD BOOK NUMBER
ISBN - International Standard Book Number 9788562874031
040 ## - FONTE DA CATALOGAÇÃO
Instituição que transcreveu o registro Anchieta - Pituba
100 ## - ENTRADA PRINCIPAL--NOME PESSOAL
Nome pessoal Moura, Jeane Aguiar de
240 10 - TÍTULO UNIFORME
Título uniforme Instituto Cultral Brasil - Alemanha
Idioma da obra por
245 10 - TÍTULO
Título Instituto Cultral Brasil - Alemanha
300 ## - DESCRIÇÃO FÍSICA
Extensão 104
362 0# - DATAS DE PUBLICAÇÃO E/OU DESIGNAÇÃO SEQUENCIAL
Datas de publicação e/ou designação sequencial 2012
650 #4 - ASSUNTO--TERMO TÓPICO
Cabeçalho tópico ou nome geográfico Pesquisa; Métodos estatisticos
942 ## - ELEMENTOS DE ENTRADA ADICIONADOS (KOHA)
Tipo de material Koha Livros
Holdings
Situação do descarte Situação das perdas Situação física Não pode ser emprestado Biblioteca de origem Biblioteca atual Data de aquisição Total de empréstimos Código de barras Data de último acesso Data do preço efetivo Tipo de material Koha
        Colégio Anchieta - Pituba Colégio Anchieta - Pituba 21/11/2023   13779/PIT 21/11/2023 21/11/2023 Livros